000 00565nam a22002297a 4500
003 UA-OsUOA
001 29838
007 ta
008 20041028b un ||||| |||| 00| 0 ukr d
090 _a82.09+821.14
_bВ41
942 _cBK
040 _aUA-OsUOA
_brus
_cUA-OsUOA
_dUA-OsUOA
245 _aВизантийская литература
_cРед. С. С.Аверинцев
300 _a264 с.
955 _a0
041 _arus
080 _a82.09+821.14
260 _aМосква
_bНаука
_c1974
044 _aRU
650 7 _2UDC
999 _c316237
_d316237